| 000 | 00896cab a2200253 4500 | ||
|---|---|---|---|
| 001 | WB3224-09 | ||
| 008 | 090401t1996 xxu||||| |||| 00| 0 eng d | ||
| 035 | _a(Sirsi) u34075 | ||
| 041 | _aeng | ||
| 245 | _aManchester bomb blast | ||
| 260 | _c1996 | ||
| 350 | _a0 | ||
| 490 |
_aProperty Week _v55(12) 20 June 1996, 5&6(2) |
||
| 520 | _aAssesses the problems for Manchester`s retailers and businesses in the aftermath of the IRA bomb causing extensive structural damage and the urgent need to find suitable alternative accommodation. Experts predict that 30% of the Arndale Centre will have to be demolished. | ||
| 650 | _aALTERNATIVE ACCOMMODATION | ||
| 650 | _aDISASTER PLANNING | ||
| 650 | _aMANCHESTER | ||
| 650 | _aOFFICE PROPERTY | ||
| 650 | _aRETAIL PROPERTY | ||
| 650 | _aSTRUCTURAL DAMAGE | ||
| 690 | _aPROPERTY-COMMERCIAL PROPERTY | ||
| 942 | _n0 | ||
| 948 | _c04/03/1997 | ||
| 999 |
_c22618 _d22618 |
||